000
00294nam a22001337a 4500
008
171123b xxu||||| |||| 00| 0 eng d
020
_a
0135986249
041
_a
eng
080
_a
62
100
_a
27
101
_a
INX
245
_a
MODERN STRUCTURE ANALYSIS
_c
EDWARD.Y
942
_2
udc
_c
BK
999
_c
38390
_d
38390